Best rated video games according to Metacritic - Statistics

General Stats
  • This quiz has been taken 60 times
  • The average score is 6 of 25
Answer Stats
Hint Year Answer % Correct
97 2018 Red Dead Redemption 2
64%
97 2014 Grand Theft Auto 5
54%
99 1998 The Legend of Zelda: Ocarina of Time
52%
97 2017 The Legend of Zelda: Breath of the Wild
44%
98 2008 GTA IV
38%
97 2007 Super Mario Galaxy
36%
96 2004 Half Life 2
34%
96 2007 The Golden Box
34%
97 2001 Grand Theft Auto 3
32%
97 2017 Super Mario Odyssey
32%
97 2010 Super Mario Galaxy 2
30%
96 2007 Bioshock
20%
96 2009 Uncharted 2
20%
96 2023 Baldur's Gate 3
18%
96 2010 Mass Effect 2
18%
97 2002 Metroid Prime
18%
97 2001 Halo Combat Evolved
14%
96 2005 Resident Evil 4
12%
97 2000 Perfect Dark
10%
96 1998 Tekken 3
8%
98 1999 SoulCaliber
6%
97 2001 Tony Hawk Pro Skater 3
6%
97 2000 NFL 2K1
2%
96 2021 The House in Fata Morgana
2%
96 1997 GoldeneEye 007
0%
No matching quizzes found
Score Distribution
Percent of People with Each Score
Percentile by Number Answered
Your Score History
You have not taken this quiz